000 01146nam a2200301 i 4500
003 DO-SdBNP
005 20230630114318.0
007 ta
008 230630b2013 dr ac||| |||| 00| 0 spa d
020 _a9789945445107
040 _aDO-SdBNP
_bspa
_cBNPHU
_erda
082 4 _222
100 _910239
_aSuazo Ruíz, Sócrates
_eautor
245 1 0 _aManual para el ideario de Duarte :
_bampliado, contextualizado y anotado /
_cSócrates Suazo Ruiz ; colaboradores Rafael L. Pérez y Pérez...[et al.].
264 _aSanto Domingo :
_bMinisterio de las Fuerzas Armadas
_bFundación Patriavisual,
_c2013.
300 _a110 páginas :
_bilustraciones, retratos ;
_c22 cm.
336 _2rdacontent
_atexto
_btxt
337 _2rdamedia
_asin mediación
_bn
338 _2rdacarrier
_avolumen
_bnc
500 _aEn el bicentenario de su natalicio 1813-2013
590 _aInventariado, 2023/BT
700 1 _aPérez y Pérez, Rafael L.,
_ecolaborador
_983648
700 1 _aAcevedo Ch, C.,
_ecolaborador
_983649
700 1 _aVargas, Winston,
_ecolaborador
_983650
700 1 _aCeballos, Nelson,
_ecolaborador
_983651
910 _aBtavárez
942 _2ddc
_cLBS1
999 _c54031
_d54031